000 00921nam a2200277Ia 4500
005 20220317001400.0
008 161108s2012 ck a g 000 0 spa
020 _a9789587583335
100 1 _aCuéllar Serrano, Olga
245 1 0 _aMis números
_cOlga Cuéllar
250 _a1a. edición
_b1a reimpresión
300 _a[14] páginas
_bilustraciones en color
_c16 cm
490 _aInfantil y juvenil
650 1 4 _2LEMB
_aAnimales
_xEnseñanza elemntal
650 1 4 _2LEMB
_aNúmeros
_xEnseñanza preescolar
650 1 4 _2LEMB
_aMatemáticas
_xEnseñanza preescolar
650 1 4 _2LEMB
_aLibros ilustrados para niños
700 1 _aCuéllar Serrano, Olga
_916673
942 _2loc
_cBKLIT
264 _aBogotá
_bAlfaguara
_c2012
336 _atexto
_btxt
_2rdacontent
337 _asin mediación
_bn
_2rdamedia
338 _avolumen
_bnc
_2rdacarrier
040 _aCO-BoRNBP
_bspa
_erda
_cCO-BoRNBP
084 _aA CUE66
999 _c6798
_d6798